Word Scramble Sprint - U.S. States - Statistics

General Stats
  • This quiz has been taken 597 times
  • The average score is 15 of 20
Answer Stats
State % Correct
Idaho
88%
Ohio
86%
Iowa
84%
Texas
84%
Utah
84%
Hawaii
80%
Mississippi
80%
Alaska
79%
Kansas
78%
Alabama
77%
Illinois
76%
Kentucky
76%
Nevada
76%
Arizona
75%
Arkansas
75%
Colorado
74%
Oklahoma
74%
Florida
73%
Indiana
73%
Maine
73%
Tennessee
73%
Georgia
72%
Massachusetts
72%
Oregon
72%
Virginia
72%
Wisconsin
72%
Missouri
71%
Vermont
71%
Wyoming
71%
Montana
70%
Pennsylvania
68%
Michigan
67%
Connecticut
66%
Washington
65%
California
63%
Delaware
63%
Maryland
63%
Nebraska
58%
Louisiana
57%
Minnesota
55%
No matching quizzes found
Score Distribution
Percent of People with Each Score
Percentile by Number Answered
Your Score History
You have not taken this quiz